000 00320nam a2200145Ia 4500
008 150301s2015 xx 000 0 und d
082 _a574
_bB99D
100 _aDUBEY, R.C
245 2 _aA TB OF BIOTECHNOLOGY
250 _a1ST
260 _bS. CHAND PUB
300 _a357
650 _aPHARMACEUTICS
942 _2ddc
_cBK
999 _c7346
_d7346